LEADER 01800nam 2200457 n 450 001 996387885003316 005 20221102112614.0 035 $a(CKB)1000000000627288 035 $a(EEBO)2269045506 035 $a(UnM)99833437 035 $a(UnM)9928350200971 035 $a(EXLCZ)991000000000627288 100 $a19960125d1683 uy | 101 0 $aeng 135 $aurbn||||a|bb| 200 12$aA treatise of oxen, sheep, hogs, and dogs; with their natures, qualities, and uses$b[electronic resource] $eTogether with instructions how to chuse, govern, and preserve them in health. With variety of receipts for all manner of distempers incident to them 210 $aLondon $cprinted for Obadiah Blagrave at the Bear in St. Paul's Church-yard$d1683 215 $a[2], 58, [4] p 300 $aThe words "oxen, sheep" are gathered by a right brace on the title page; the words "hogs, and dogs;" are gathered by a left brace. 300 $aWith a table of contents at end of text. 300 $aReproduction of the original in the British Library. 330 $aeebo-0018 606 $aVeterinary medicine$vEarly works to 1800 606 $aDomestic animals$zEngland$vEarly works to 1800 606 $aSwine$zEngland$vEarly works to 1800 606 $aSheep$zEngland$vEarly works to 1800 606 $aOxen$zEngland$vEarly works to 1800 606 $aDogs$zEngland$vEarly works to 1800 615 0$aVeterinary medicine 615 0$aDomestic animals 615 0$aSwine 615 0$aSheep 615 0$aOxen 615 0$aDogs 801 0$bCu-RivES 801 1$bCu-RivES 801 2$bWaOLN 906 $aBOOK 912 $a996387885003316 996 $aA treatise of oxen, sheep, hogs, and dogs; with their natures, qualities, and uses$92418606 997 $aUNISA LEADER 03613 am 2200757 n 450 001 9910495898403321 005 20240104030657.0 010 $a2-7574-2584-6 024 7 $a10.4000/books.septentrion.27878 035 $a(CKB)4520000000000104 035 $a(FrMaCLE)OB-septentrion-27878 035 $a(PPN)23536147X 035 $a(EXLCZ)994520000000000104 100 $a20190315j|||||||| ||| 0 101 0 $afre 135 $auu||||||m|||| 200 00$aDiscours et (re)constructions identitaires$eAnalyses interdisciplinaires$fThierry Guilbert, Pascaline Lefort 210 $aVilleneuve d'Ascq$cPresses universitaires du Septentrion$d2018 215 $a1 online resource (218 p.) 311 $a2-7574-1805-X 311 $a2-7574-1994-3 330 $aC'est d?abord par les discours que les individus, groupes sociaux et institutions proclament, utilisent et reconfigurent leurs identités (individuelles, sociales, professionnelles, politiques, nationales, ethniques, etc.). Le parti-pris, qui fait l?originalité de cet ouvrage collectif, n?est pas de chercher une définition de l?identité, mais d?analyser le rôle des discours dans la construction des diverses identités dans le but de mieux en percevoir les enjeux. Les contributions s?inscrivent en sciences politiques, en droit, en sociologie, en psychologie, en sciences du langage et en sciences de l?information et de la communication. Les analyses portent sur les discours identitaires dans des situations concrètes et des terrains divers : enseignement des langues étrangères, orthographe et transcription du breton, métiers d?art, hôpital, politique, médias traditionnels et en ligne, journalisme, cinéma, musée de la mémoire au Chili, Cour européenne des droits de l?homme? It is primarily through discourses that individuals, social groups and institutions proclaim, use and reconfigure their identities (individual, social, professional, political, national, ethnic, etc.). 517 $aDISCOURS ET 606 $aPolitical Science 606 $aSociology & Anthropology 606 $aidentité 606 $adiscours 606 $areconstruction 606 $aprocessus 606 $arécit 606 $aparcours 606 $aprésentation de soi 615 4$aPolitical Science 615 4$aSociology & Anthropology 615 4$aidentité 615 4$adiscours 615 4$areconstruction 615 4$aprocessus 615 4$arécit 615 4$aparcours 615 4$aprésentation de soi 700 $aAssunção e Alves$b Carolina$01453770 701 $aBastías$b Malena$01453771 701 $aCoton$b Guillaume$01453772 701 $aÉquoy-Hutin$b Séverine$01306613 701 $aGalmisch$b Raphaële$01453773 701 $aGarcia$b Núria$01276382 701 $aGrosjean$b Laetitia$01453774 701 $aGuilbert$b Thierry$01453775 701 $aHezlaoui-Hamelin$b Sabrina$01306598 701 $aHusson-Rochcongar$b Céline$01370438 701 $aJourdain$b Anne$01309733 701 $aLefort$b Pascaline$01453776 701 $aLuong$b Francis$01453777 701 $aMariani-Rousset$b Sophie$01306602 701 $aMonnier$b Angeliki$01453778 701 $aMorvan$b Malo$01320035 701 $aPedersen$b Line$01306605 701 $aPloog$b Katja$0322504 701 $aProdhomme$b Magali$01453779 701 $aRuchon$b Catherine$01453780 801 0$bFR-FrMaCLE 906 $aBOOK 912 $a9910495898403321 996 $aDiscours et (re)constructions identitaires$93656687 997 $aUNINA